Home Print Resources E-Books E-Journals IIMT Lecture Series Library Membership Form Book Recommendation Form Campus Tour Take AdmissionAbout Us Contact Us

HUMAN ANATOMY VOL -1 (Record no. 58796)

000 -LEADER
fixed length control field 00346nam a22001577a 4500
008 - FIXED-LENGTH DATA ELEMENTS--GENERAL INFORMATION
fixed length control field 240530b |||||||| |||| 00| 0 eng d
020 ## - ISBN
International Standard Book Number 9789354664731
Discounted Price 795
040 ## - CATALOGING SOURCE
Original cataloging agency IIMT University College of Nursing (073)
082 ## - DDC NUMBER
Classification number 611.CHA
100 ## - MAIN ENTRY--PERSONAL NAME
Personal name B D CHAURASIA
245 ## - TITLE STATEMENT
Title HUMAN ANATOMY VOL -1
250 ## - EDITION STATEMENT
Edition statement 2024
260 ## - PUBLICATION, DISTRIBUTION, ETC. (IMPRINT)
Place of publication, distribution, etc CBS
Name of publisher, distributor, etc CBS
Date of publication, distribution, etc ARISTA
300 ## - PHYSICAL DESCRIPTION
Pages 362
942 ## - ADDED ENTRY ELEMENTS (KOHA)
Koha item type Book Bank
952 ## - LOCATION AND ITEM INFORMATION (KOHA)
-- 2024-05-30
952 ## - LOCATION AND ITEM INFORMATION (KOHA)
-- 2024-05-30
952 ## - LOCATION AND ITEM INFORMATION (KOHA)
-- 2024-05-30
952 ## - LOCATION AND ITEM INFORMATION (KOHA)
-- 2024-05-30
952 ## - LOCATION AND ITEM INFORMATION (KOHA)
-- 2024-05-30
952 ## - LOCATION AND ITEM INFORMATION (KOHA)
-- 2024-05-30
952 ## - LOCATION AND ITEM INFORMATION (KOHA)
-- 2025-01-22
-- 2024-05-30
952 ## - LOCATION AND ITEM INFORMATION (KOHA)
-- 2024-05-30
Holdings
Withdrawn status Lost status Source of classification or shelving scheme Damaged status Not for loan Location (home branch) Sublocation or collection (holding branch) Date acquired Source of Acquisition Cost Normal purchase price Koha issues (times borrowed) Koha full call number Accession No. Koha date last seen Koha item type
          IIMT University College of Nursing (073) IIMT University College of Nursing (073) 05/30/2024 ARISTA 795.00   611.CHA 03-B-6661 05/30/2024 Book Bank
          IIMT University College of Nursing (073) IIMT University College of Nursing (073) 05/30/2024 ARISTA 795.00   611.CHA 03-B-6662 05/30/2024 Book Bank
          IIMT University College of Nursing (073) IIMT University College of Nursing (073) 05/30/2024 ARISTA 795.00   611.CHA 03-B-6663 05/30/2024 Book Bank
          IIMT University College of Nursing (073) IIMT University College of Nursing (073) 05/30/2024 ARISTA 795.00   611.CHA 03-B-6664 05/30/2024 Book Bank
          IIMT University College of Nursing (073) IIMT University College of Nursing (073) 05/30/2024 ARISTA 795.00   611.CHA 03-B-6665 05/30/2024 Book Bank
          IIMT University College of Nursing (073) IIMT University College of Nursing (073) 05/30/2024 ARISTA 795.00   611.CHA 03-B-6666 05/30/2024 Book Bank
          IIMT University College of Nursing (073) IIMT University College of Nursing (073) 05/30/2024 ARISTA 795.00 1 611.CHA 03-B-6667 02/07/2025 Book Bank
          IIMT University College of Nursing (073) IIMT University College of Nursing (073) 05/30/2024 ARISTA 795.00   611.CHA 03-B-6668 05/30/2024 Book Bank
IIMT, Central Library. All Rights Reserved IIMT,UNIVERSITY © 2023
Implemented and Customised by I CLOUDE EMS
You Are OPAC Visitor No
free web counter

Powered by Koha